000 01469cam a2200217 4500
001 L137070
008 070313s2002 xxk f 000 0 eng d
035 _a(Sirsi) u137070
041 0 _aeng
050 0 4 _a697 $2 18
245 0 0 _aDirective 2002/91/EC of the European Parliament and of the Council of 16 December 2002 on the energy performance of buildings
_h[electronic resource]
260 _aBrussels
_bEuropa
_c2002
490 0 _aDirective
_v2002/91/EC
520 _aEstablishes specific measures to improve the energy performance of buildings within the Community, taking into account outdoor climatic and local conditions, in addition to indoor climate requirements and cost-effectiveness. Sets out the following requirements: a general framework for a methodology of calculation of the integrated energy performance of buildings; the application of minimum requirements on the energy performance of new buildings and large existing buildings that are subject to major renovation; energy certification of buildings; and regular inspection of boilers and of air-conditioning systems in buildings.
650 2 4 _aDIRECTIVE 2002/91/EC
651 4 _aEUROPEAN UNION
690 _aENVIRONMENTAL AND LAND CONSULTANCY-ENERGY-ENERGY USE
690 _aBUILT ENVIRONMENT-BUILDING STANDARDS
856 4 0 _uhttps://eur-lex.europa.eu/LexUriServ/LexUriServ.do?uri=CELEX:32002L0091:EN:HTML
_zView the directive free of charge at http://eur-lex.europa.eu...
942 _n0
999 _c106629
_d106629